MARC

LEADER 00000nam0a2200000 4500
001 166568
005 20231031162525.0
035 |a (RuTPU)RU\TPU\book\180681 
090 |a 166568 
100 |a 20091005d1982 k y0rusy50 ca 
101 0 |a rus 
102 |a RU 
105 |a a z 001zy 
200 1 |a Геохимия редкоземельных элементов в эндогенных процессах  |e [сборник статей]  |f Академия наук СССР (АН СССР), Сибирское отделение (СО), Институт геохимии им. А. П. Виноградова (ИГХ) ; под ред. В. С. Самойлова 
210 |a Новосибирск  |c Наука  |d 1982 
215 |a 209 с.  |c ил. 
320 |a Библиография в конце статей 
610 1 |a геохимия 
610 1 |a редкоземельные элементы 
610 1 |a минералообразование 
610 1 |a эндогенные процессы 
610 1 |a Забайкалье 
610 1 |a Монголо-Охотский пояс 
610 1 |a ультраметаморфизм 
610 1 |a докембрий 
610 1 |a пегматиты 
675 |a 553.3/4  |v 3 
675 |a 550.4  |v 3 
702 1 |a Самойлов  |b В. С.  |g Валерий Самуилович  |4 340 
712 0 2 |a Академия наук СССР (АН СССР)  |b Сибирское отделение (СО)  |b Институт геохимии им. А. П. Виноградова (ИГХ)  |c (Иркутск)  |2 stltpush  |3 (RuTPU)RU\TPU\col\1687 
801 1 |a RU  |b 63413507  |c 20091005 
801 2 |a RU  |b 63413507  |c 20160111  |g RCR 
942 |c BK